Bio-based PCM materials in building components

Salvato in:
Dettagli Bibliografici
Autore principale: Nasir, Alaa (Autore)
Altri autori: Čurpek, Jakub (Relatore della tesi)
Natura: Manoscritto Libro
Lingua:slovacco
inglese
Pubblicazione: 2022
Soggetti:
Accesso online:http://is.stuba.sk/zp/portal_zp.pl?podrobnosti=162205
https://opac.crzp.sk/?fn=detailBiblioForm&sid=D9F0BB0A8DA9926981A395D31B33
Tags: Aggiungi Tag
Nessun Tag, puoi essere il primo ad aggiungerne!!

MARC

LEADER 00000ntm a22000003a 4500
001 stuzp90505
003 SK-STU
005 20230509100639.2
007 ta
008 150427s2015----xo-----f-mn---000-0-slo-d
040 |a STU  |b slo 
041 0 |a eng 
100 1 |a Nasir, Alaa  |u 010200  |4 aut  |U SvF Stavebná fakulta  |T SvF Katedra materiálového inžinierstva a fyziky  |X 93558  |U V200  |Y 844  |7 93558 
242 0 1 |a Bio-based PCM materials in building components  |y slo 
245 1 0 |a Bio-based PCM materials in building components 
260 |c 2022 
650 4 |a bio  |2 slo 
650 4 |a latentné teplo  |2 slo 
650 4 |a PCM  |2 slo 
650 4 |a latent heat  |2 eng 
650 4 |a PCM  |2 eng 
650 4 |a Bio-based  |2 eng 
700 1 |a Čurpek, Jakub  |u 010200  |k Z1  |4 ths  |U SvF Stavebná fakulta  |T SvF Katedra materiálového inžinierstva a fyziky  |X 66864  |U V200  |Y 844  |7 A000066864 
856 4 |u http://is.stuba.sk/zp/portal_zp.pl?podrobnosti=162205 
856 4 |u https://opac.crzp.sk/?fn=detailBiblioForm&sid=D9F0BB0A8DA9926981A395D31B33